000 00617cam a2200205 a 4500
001 000017988
005 20200929165315.0
008 820708s1900 nyu 000 f eng d
040 _aDO-SdBNP
_beng
_cLC
_dBNPHU
050 0 0 _aPZ3.A616
_bFl4
082 _a843.912
_bD188f
100 1 _aD'Annunzio, Gabriele,
_d1863-1938.
_938942
245 1 4 _aThe flame of life /
_cGabrielle D'Annunzio.
260 _aNew York :
_bThe Modern Library,
_c[1900].
300 _a401 p. ;
_c18 cm.
650 4 _aNovela francesa
_91075
650 4 _aLiteratura francesa
_ySIGLO XX
_94232
910 _aCatalogación derivada
049 _aBNGR
999 _c17510
_d17510